000
00203 a2200097 4500
001
45419
100
_a
Harrer
245
_a
Return to Tibet
260
_a
London
_b
Penguin books
_c
090
_c
28583
_d
28583
942
_a
NUST-CAE
_c
M
_c
20650
999
_c
280492
_d
280492